000 00833nam a2200265Ia 4500
003 OSt
005 20220930084559.0
006 a|||||r|||| 00| 0
007 ta
008 220926b |||||||| |||| 00| 0 hin d
024 _a85060
037 _cTheses
040 _aCRL
_cCRL
_bhin
041 _2hin
_ahin
100 _aYadav Veer Pal Singh
_9537989
110 _aUniversity of Delhi. Faculty of Arts. Department of Hindi
245 0 _aPragativaadi sahitya chintan aur Ram Vilas Sharma
260 _aDelhi
_bUniversity of Delhi India
_c2005
300 _a245p.
_ap.
_ccm.
650 _aHINDI LITERATURE
_923866
700 _a Dr. S. N. Ayyar Gu.
_9537990
700 _aUniversity of Delhi. Faculty of Arts. Department of Hindi
942 _cDIS
_2CC
999 _c877449
_d877449